[Event "Top 16 Groupe B"]
[Site "Chartres, France"]
[Date "2024.06.03"]
[Round "5.4"]
[White "Robin, Samy"]
[Black "Rakotomaharo, Fy Antenaina"]
[Result "0-1"]
[WhiteElo "2329"]
[BlackElo "2448"]
[PlyCount "184"]
[EventDate "2024.??.??"]

1. d4 {3} Nf6 {68} 2. Nf3 {66} d5 {173} 3. g3 {251} e6 {207} 4. Bg2 {15} Be7 {
19} 5. Nbd2 {213} O-O {180} 6. c4 {308} a5 {194} 7. O-O {309} a4 {83} 8. a3 {
632} b6 {1084} 9. Ne5 {288} Bb7 {40} 10. Ndf3 {604} dxc4 {300} 11. Nxc4 {76}
Nbd7 {11} 12. Bf4 {474} b5 {1230} 13. Nce5 {261} c5 {11} 14. Rc1 {1542} Nxe5 {
360} 15. Bxe5 {27} c4 {305} 16. Bxf6 {108} Bxf6 {29} 17. e3 {16} Re8 {733} 18.
Qc2 {189} Qb6 {151} 19. Nd2 {92} Bxg2 {100} 20. Kxg2 {3} e5 {13} 21. d5 {349}
g6 {212} 22. e4 {34} Be7 {53} 23. h4 {141} Bc5 {81} 24. Nf3 {76} Rac8 {99} 25.
Qd2 {32} h5 {158} 26. Rc2 {40} Bf8 {31} 27. Rd1 {34} Qd6 {47} 28. Qe3 {28} Rc7
{46} 29. Qc3 {52} Bh6 {36} 30. Re2 {20} Rce7 {158} 31. Qa5 {44} Rb8 {35} 32.
Qc3 {6} Kh7 {65} 33. Qc2 {28} Rc7 {11} 34. Qc3 {10} f6 {5} 35. Rc2 {74} Rb6 {65
} 36. Qa5 {36} Rcb7 {75} 37. Qc3 {16} Bf8 {9} 38. Rdc1 {23} Qd8 {22} 39. Ra1 {
28} Rc7 {25} 40. Qd2 {58} Qb8 {63} 41. Qe2 {519} Rc5 {100} 42. Rac1 {161} Rb7 {
56} 43. Qe1 {200} Qc8 {107} 44. Qc3 {38} Rcc7 {69} 45. Qa5 {242} Qd7 {406} 46.
Qe1 {27} Rb8 {52} 47. Qe2 {52} Rbc8 {17} 48. Rc3 {37} Bc5 {61} 49. Rd1 {18} Bb6
{23} 50. Rb1 {171} Rc5 {64} 51. Rc2 {48} Ba5 {53} 52. Qf1 {494} Qg4 {45} 53.
Qe2 {40} Kg7 {11} 54. Ng1 {37} Qd7 {28} 55. Nf3 {11} Kf8 {99} 56. Qe3 {23} Ke8
{48} 57. Qh6 {29} Qf7 {4} 58. Ng1 {103} Kd7 {23} 59. Ne2 {46} f5 {201} 60. Qe3
{70} fxe4 {61} 61. Rd1 {60} Qf5 {292} 62. d6 {28} R8c6 {83} 63. Nc3 {7} Qf3+ {
45} 64. Qxf3 {17} exf3+ {6} 65. Kxf3 {2} Bxc3 {5} 66. Rxc3 {34} Rxd6 {13} 67.
Rxd6+ {65} Kxd6 {1} 68. Ke2 {69} e4 {93} 69. f3 {18} exf3+ {34} 70. Rxf3 {28}
Rf5 {55} 71. Rc3 {4} Kc5 {52} 72. Ke3 {6} Rd5 {36} 73. Ke2 {85} Re5+ {103} 74.
Kf3 {42} Kd4 {5} 75. Kf2 {18} Re6 {36} 76. Rf3 {71} Rb6 77. Rc3 {62} b4 {27}
78. axb4 {2} Rxb4 {4} 79. Rc2 {2} Rb3 {31} 80. Rd2+ {12} Rd3 {55} 81. Rc2 {3}
c3 {46} 82. bxc3+ {5} Rxc3 {2} 83. Rd2+ {57} Rd3 {6} 84. Rc2 {5} a3 {51} 85.
Rc6 {2} a2 {6} 86. Ra6 {3} Rd2+ {3} 87. Kf3 {111} Kc3 {22} 88. Kf4 {27} Kb2 {18
} 89. Rb6+ {26} Kc1 {7} 90. Ra6 {13} Kb1 {5} 91. Kg5 {4} Rd5+ {19} 92. Kxg6 {6}
a1=Q {3} 0-1

[Event "Top 16 Groupe B"]
[Site "Chartres, France"]
[Date "2024.06.03"]
[Round "5.5"]
[White "Terrieux, Kevin"]
[Black "Castro, John"]
[Result "1-0"]
[WhiteElo "2409"]
[BlackElo "2240"]
[PlyCount "49"]
[EventDate "2024.??.??"]

1. d4 {8} Nf6 {44} 2. Nf3 {89} g6 {15} 3. Nbd2 {32} c5 {344} 4. dxc5 {128} Qa5
{364} 5. a3 {83} Nc6 {674} 6. e3 {2666} Bg7 {720} 7. Bd3 {16} O-O {90} 8. O-O {
43} Qxc5 {6} 9. b4 {170} Qh5 {565} 10. Bb2 {20} d5 {512} 11. Be2 {143} Qh6 {
1070} 12. Nb3 {1207} a6 {181} 13. Nbd4 {113} Bd7 {658} 14. Rc1 {528} Rad8 {347}
15. Ba1 {304} Rfe8 {19} 16. Qe1 {35} Ne4 {197} 17. c4 {91} dxc4 {50} 18. Bxc4 {
48} e5 {15} 19. Nxc6 {77} Bxc6 20. Bxa6 {62} Ra8 {24} 21. Bc4 {13} Rxa3 {23}
22. b5 {7} Bd7 {23} 23. Qb4 {19} Bf8 {144} 24. Bxf7+ {2} Kxf7 {3} 25. Qxe4 {9}
1-0

[Event "Top 16 Groupe B"]
[Site "Chartres, France"]
[Date "2024.06.03"]
[Round "5.6"]
[White "Ronce, Nathan"]
[Black "Gatineau, Yovann"]
[Result "0-1"]
[WhiteElo "2189"]
[BlackElo "2407"]
[PlyCount "70"]
[EventDate "2024.??.??"]

1. e4 {16} e6 {35} 2. d4 {62} d5 {6} 3. e5 {73} c5 {10} 4. c3 {8} Nc6 {5} 5.
Nf3 {16} Nge7 {6} 6. Bd3 {535} cxd4 {129} 7. cxd4 {182} Nf5 {11} 8. Bxf5 {69}
exf5 {6} 9. Nc3 {159} Be7 {45} 10. h4 {138} O-O {353} 11. Bg5 {164} f6 {15} 12.
exf6 {148} Bxf6 {7} 13. Qb3 {287} Qe8+ {958} 14. Kf1 {116} Bxd4 {118} 15. Nb5 {
1161} Bb6 {200} 16. Re1 {402} Be6 {236} 17. Bf4 {191} Qd7 {272} 18. Rh3 {387}
Rae8 {166} 19. Ng5 {354} Na5 {1259} 20. Qd3 {409} Nc4 {124} 21. Nd4 {308} Nxb2
{202} 22. Qd2 {132} Nc4 {75} 23. Qd3 {33} Bf7 {481} 24. Rb1 {315} Bh5 {196} 25.
Rg3 {75} Re4 {267} 26. Nge6 {214} Bxd4 {155} 27. Nxf8 {50} Kxf8 {14} 28. Be3 {
38} Bxe3 {227} 29. fxe3 {7} f4 {13} 30. Rg5 {49} fxe3 {59} 31. Kg1 {49} Bf7 {
123} 32. Rf1 {54} e2 {29} 33. Re1 {18} h6 {183} 34. Rg3 {27} Qe7 {14} 35. Rf3 {
71} Ne5 {20} 0-1

[Event "Top 16 Groupe B"]
[Site "Chartres, France"]
[Date "2024.06.03"]
[Round "5.7"]
[White "Riff, Jean-Noel"]
[Black "Ollier, Milan"]
[Result "1-0"]
[WhiteElo "2405"]
[BlackElo "2179"]
[PlyCount "47"]
[EventDate "2024.??.??"]

1. e4 {2} c5 {10} 2. Nf3 {5} Nc6 {5} 3. Bb5 {3} g6 {16} 4. O-O {14} Bg7 {7} 5.
c3 {22} Nf6 {59} 6. Re1 {12} O-O {46} 7. h3 {5} e5 {96} 8. d4 {31} exd4 {26} 9.
cxd4 {134} d5 {37} 10. e5 {426} Ne4 {29} 11. Nc3 {195} Be6 {919} 12. Bxc6 {366}
bxc6 {128} 13. dxc5 {3} Nxc5 {1668} 14. Bg5 {357} Qc7 {494} 15. Rc1 {41} h6 {
771} 16. Be3 {59} Nb7 {10} 17. Nxd5 {37} Qd8 {349} 18. Nf6+ {130} Bxf6 {13} 19.
exf6 {2} Qxf6 {28} 20. Rxc6 {303} Qxb2 {250} 21. Bd4 {22} Qa3 {676} 22. Qd2 {55
} Rfd8 {70} 23. Rexe6 {191} fxe6 {11} 24. Qxh6 {5} 1-0

[Event "Top 16 Groupe B"]
[Site "Chartres, France"]
[Date "2024.06.03"]
[Round "5.8"]
[White "Bismuth, Lea"]
[Black "Navrotescu, Andreea"]
[Result "0-1"]
[WhiteElo "1982"]
[BlackElo "2220"]
[PlyCount "82"]
[EventDate "2024.??.??"]

1. e4 {3} c6 {89} 2. d4 {490} d5 {22} 3. exd5 {453} cxd5 {8} 4. Nf3 {94} Nf6 {
43} 5. Bd3 {131} Nc6 {26} 6. c3 {117} Bg4 {14} 7. Nbd2 {176} e6 {87} 8. O-O {73
} Bd6 {33} 9. Re1 {34} O-O {33} 10. h3 {797} Bh5 {127} 11. g4 {806} Bg6 {148}
12. Bxg6 {81} hxg6 {3} 13. Ne5 {73} Bxe5 {242} 14. dxe5 {38} Nd7 {13} 15. Nf3 {
84} Qc7 {345} 16. Qe2 {274} Na5 {257} 17. Nd4 {260} a6 {80} 18. Bf4 {308} Rab8
{176} 19. h4 {378} b5 {353} 20. Rac1 {187} Qb6 {178} 21. Nf3 {701} b4 {135} 22.
Be3 {60} Qb7 {81} 23. Bd4 {58} Nc6 {348} 24. h5 {89} gxh5 {20} 25. gxh5 {16}
bxc3 {74} 26. Bxc3 {96} d4 {361} 27. Nxd4 {129} Ndxe5 {289} 28. Nxc6 {60} Nxc6
{3} 29. Qg4 {55} e5 {309} 30. Rxe5 {118} Nxe5 {368} 31. Bxe5 {2} f5 {59} 32.
Qc4+ {59} Kh7 {2} 33. Bxb8 {43} Qxb8 {2} 34. b3 {41} Qe5 {129} 35. Qxa6 {35}
Rf6 {42} 36. Qc8 {50} Rh6 {151} 37. Rc5 {34} Qe1+ {9} 38. Kg2 Rxh5 {35} 39. Rc1
{39} Rg5+ {70} 40. Kh2 {40} Qxf2+ {11} 41. Kh3 {17} Qg3# {9} 0-1

[Event "Top 16 Groupe B"]
[Site "Chartres, France"]
[Date "2024.06.03"]
[Round "5.9"]
[White "Aravindh, Chithambaram Vr"]
[Black "Niemann, Hans Moke"]
[Result "1-0"]
[WhiteElo "2670"]
[BlackElo "2688"]
[PlyCount "183"]
[EventDate "2024.??.??"]

1. d4 {3} Nf6 {22} 2. Nf3 {10} d5 {36} 3. Bf4 {16} c5 {31} 4. e3 {13} Nc6 {105}
5. Nbd2 {14} cxd4 {165} 6. exd4 {10} Qb6 {10} 7. Nb3 {12} Bf5 {17} 8. c3 {1383}
e6 {48} 9. Nh4 {124} Be4 {67} 10. f3 {71} Bg6 {11} 11. g4 {354} Qd8 {365} 12.
Bg3 {713} Bd6 {38} 13. Qd2 {269} Qc7 {118} 14. Rg1 {7} O-O {369} 15. O-O-O {111
} Rae8 {702} 16. Nxg6 {661} fxg6 {58} 17. Kb1 {4} Nd7 {64} 18. Qg2 {23} Kh8 {
277} 19. Bd3 {331} e5 {98} 20. dxe5 {425} Ndxe5 {875} 21. Be2 {93} Qf7 {92} 22.
f4 {474} Nc4 {180} 23. Bxc4 {26} dxc4 {6} 24. Rxd6 {22} cxb3 {4} 25. Qd5 {20}
bxa2+ {114} 26. Kxa2 {7} Qxd5+ {155} 27. Rxd5 {3} Kg8 {92} 28. Rgd1 {170} Rf7 {
7} 29. b4 {77} a6 {152} 30. Kb3 {13} Ree7 {202} 31. R1d3 {205} h6 {27} 32. Rd6
{336} Kh7 {9} 33. R3d5 {10} Na7 {278} 34. Re5 {141} Rd7 {155} 35. Red5 {134}
Rxd6 {93} 36. Rxd6 {3} Nb5 {9} 37. Rd3 {122} h5 {264} 38. c4 {93} Nc7 {22} 39.
g5 {16} Ne6 {31} 40. h4 {39} Rf5 {852} 41. c5 {1422} a5 {993} 42. Rd6 {7} Nc7 {
52} 43. bxa5 {75} Rxc5 {225} 44. Be1 {31} Rf5 {292} 45. Bd2 {85} Na6 {6} 46.
Kc4 {62} Rc5+ {45} 47. Kd4 {21} Rf5 {22} 48. Kc4 {268} Nb8 49. Rb6 {105} Rf7 {
24} 50. f5 {25} Rc7+ {57} 51. Kb5 {42} Nc6 {37} 52. fxg6+ {8} Kg8 {449} 53. Bc3
{19} Na7+ {40} 54. Kb4 {3} Nc6+ {12} 55. Kb3 {23} Kf8 {26} 56. Rb5 {20} Ke8 {
106} 57. Rc5 {52} Kd8 {59} 58. Rf5 {142} Ke8 {15} 59. Rf4 {46} Rd7 {32} 60. Kc4
{44} Ne7 {13} 61. Re4 {12} Kd8 {8} 62. Bxg7 {52} Nxg6 {2} 63. Bd4 {12} Rc7+ {56
} 64. Kb5 {47} Kd7 {31} 65. Bc5 {69} Rc6 {8} 66. Rd4+ {39} Ke6 {62} 67. Bb4 {24
} Ne5 {57} 68. Rd8 {18} Ng6 {81} 69. Rb8 {20} Rc7 {3} 70. Kb6 {25} Rc4 {4} 71.
Kb5 {20} Rc7 {4} 72. Be1 {98} Rc1 {27} 73. Bf2 {28} Rb1+ {17} 74. Kc5 {11} Rb2
{87} 75. Bd4 {19} Rb1 {69} 76. Bc3 {8} Rc1 {36} 77. Kc4 {9} Ne5+ {41} 78. Kb3 {
5} Nd7 {22} 79. Rc8 {15} Rg1 {42} 80. Bb4 {84} Rg3+ {26} 81. Rc3 {26} Rg4 {7}
82. Rc7 {38} Rg1 {59} 83. Rxb7 {64} Nc5+ {3} 84. Bxc5 {3} Rb1+ {1} 85. Ka4 {17}
Rxb7 {8} 86. a6 {2} Rg7 {94} 87. a7 {39} Rg8 {1} 88. Kb5 {30} Kd7 {11} 89. Kb6
{26} Rc8 {1} 90. g6 {14} Rc6+ {6} 91. Kb5 {5} Rc8 {2} 92. g7 {25} 1-0

[Event "Top 16 Groupe B"]
[Site "Chartres, France"]
[Date "2024.06.03"]
[Round "5.10"]
[White "Tabatabaei, M. Amin"]
[Black "Karthikeyan, Murali"]
[Result "1/2-1/2"]
[WhiteElo "2707"]
[BlackElo "2610"]
[PlyCount "92"]
[EventDate "2024.??.??"]

1. e4 {268} c5 {15} 2. Nf3 {14} Nc6 {9} 3. Bb5 {39} g6 {11} 4. O-O {51} Bg7 {8}
5. Re1 {8} e5 {26} 6. Bxc6 {9} dxc6 {26} 7. d3 {7} Qe7 {256} 8. a4 {25} Nf6 {
133} 9. Nbd2 {158} O-O {68} 10. Nc4 {79} Ne8 {111} 11. a5 {208} Nc7 {198} 12.
Bd2 {404} f6 {336} 13. Rb1 {254} Be6 {315} 14. b4 {120} Rfd8 {140} 15. Ne3 {501
} b5 {715} 16. bxc5 {1574} Na6 {65} 17. Qe2 {701} Nxc5 {263} 18. Bb4 {20} Bf8 {
13} 19. c3 {133} Qc7 {439} 20. d4 {310} Nxe4 {147} 21. Qc2 {243} Ng5 {819} 22.
Nxg5 {15} fxg5 {6} 23. Bxf8 {99} Rxf8 {52} 24. dxe5 {153} Qxa5 {91} 25. Qe4 {
186} Qc7 {760} 26. Ng4 {204} Bxg4 {483} 27. Qxg4 {9} Rf5 {6} 28. e6 {106} Re8 {
23} 29. Rb4 {337} Re5 {266} 30. Rxe5 {5} Qxe5 {4} 31. Re4 {2} Qxc3 {130} 32. h4
{89} Qa1+ {147} 33. Kh2 {2} Qf6 {15} 34. hxg5 {57} Qf5 {64} 35. Qe2 {24} Qxg5 {
11} 36. Re5 {60} Qf6 {56} 37. g3 {31} a5 {116} 38. f4 {14} a4 {76} 39. Qe4 {15}
Rc8 {99} 40. Rc5 {54} a3 {43} 41. Rxc6 {2} Re8 {709} 42. Ra6 {898} a2 {626} 43.
Rxa2 {23} Qxe6 {30} 44. Qxe6+ {29} Rxe6 {11} 45. Ra8+ {2} Kf7 {19} 46. Rb8 {4}
h5 {23} 1/2-1/2

[Event "Top 16 Groupe B"]
[Site "Chartres, France"]
[Date "2024.06.03"]
[Round "5.11"]
[White "Lamard, Guillaume"]
[Black "Van Foreest, Lucas"]
[Result "1/2-1/2"]
[WhiteElo "2500"]
[BlackElo "2505"]
[PlyCount "121"]
[EventDate "2024.??.??"]

1. d4 {3} d5 {17} 2. c4 e6 {8} 3. Nc3 {8} Be7 {29} 4. cxd5 {345} exd5 {27} 5.
Bf4 {6} c6 {24} 6. e3 {15} Bf5 {37} 7. Nf3 {118} Nd7 {132} 8. h3 {37} h6 {53}
9. g4 {457} Bh7 {103} 10. Bd3 {453} Ngf6 {73} 11. Bxh7 {129} Nxh7 {50} 12. Qc2
{252} Ng5 {143} 13. Nd2 {483} Ne6 {63} 14. Bh2 {12} Nb6 {24} 15. O-O-O {42} Bd6
{120} 16. Bxd6 {210} Qxd6 {232} 17. Kb1 {152} O-O-O {70} 18. f4 {226} Kb8 {46}
19. Na4 {55} Nxa4 {208} 20. Qxa4 {9} Rhe8 {31} 21. Nb3 {701} Nf8 {65} 22. Rd3 {
137} Nd7 {85} 23. Qa5 {132} Nb6 {540} 24. Nd2 {193} Rd7 {352} 25. Ra3 {77} Nc8
{64} 26. Rc1 {145} g5 {94} 27. fxg5 {967} hxg5 {61} 28. Nf1 {83} Qh6 {79} 29.
e4 {263} Rxe4 {69} 30. Ng3 {72} Rxd4 {81} 31. Nf5 {5} Qg6 {33} 32. Re1 {201} f6
{372} 33. Rae3 {110} Re4 {1062} 34. Rxe4 {5} dxe4 {3} 35. Rxe4 {76} Rd5 {65}
36. Qe1 {84} Nd6 {182} 37. Qg3 {63} Ka8 {21} 38. Nxd6 {162} Rxd6 {166} 39. Qxd6
{5} Qxe4+ {4} 40. Kc1 {2} Qe1+ {70} 41. Kc2 {81} Qf2+ {209} 42. Kd3 {162} Qf3+
{149} 43. Kd2 {219} Qg2+ {321} 44. Kc1 {65} Qg1+ {39} 45. Kc2 {46} Qf2+ {6} 46.
Kd3 {30} a6 {1755} 47. Qd8+ {14} Ka7 {5} 48. Qd4+ {6} Qxd4+ {3} 49. Kxd4 {3} b5
{361} 50. Kc5 {248} Kb7 {7} 51. Kd6 {365} b4 {299} 52. Kc5 {301} a5 {3} 53. a3
{15} bxa3 {20} 54. bxa3 {4} Kc7 {2} 55. a4 {9} Kb7 {4} 56. Kd6 {21} Kb6 {2} 57.
Ke6 {5} c5 {166} 58. Kd5 {8} c4 {1} 59. Kxc4 {6} Kc6 {1} 60. Kd4 {10} Kd6 61.
Kc4 {7} 1/2-1/2

[Event "Top 16 Groupe B"]
[Site "Chartres, France"]
[Date "2024.06.03"]
[Round "5.12"]
[White "Vlachos, Anatole"]
[Black "Makkar, Rajat"]
[Result "1/2-1/2"]
[WhiteElo "2470"]
[BlackElo "2453"]
[PlyCount "84"]
[EventDate "2024.??.??"]

1. e4 e5 {31} 2. Nf3 {5} Nc6 {3} 3. Bc4 {3} Nf6 {34} 4. d3 {4} Bc5 {5} 5. c3 {
12} O-O {16} 6. Bg5 {16} h6 {91} 7. Bh4 {3} Be7 {5} 8. Nbd2 {26} d6 {60} 9. Bg3
{16} Kh8 {27} 10. O-O {237} Nh7 {298} 11. d4 {16} exd4 {1035} 12. cxd4 {16} Bg4
{8} 13. h3 {617} Bh5 {27} 14. Qc2 {27} Ng5 {868} 15. d5 {87} Nxf3+ {309} 16.
Nxf3 {5} Nb8 {46} 17. Nh2 {1078} Nd7 {242} 18. f4 {577} c6 {346} 19. dxc6 {27}
bxc6 {72} 20. Ng4 {283} Bxg4 {356} 21. hxg4 {6} Nf6 {6} 22. g5 {771} hxg5 {191}
23. fxg5 {14} Nh5 {36} 24. Bh2 {164} Bxg5 {114} 25. Qe2 {250} Nf6 {88} 26. Rf5
{104} Bh6 {198} 27. Raf1 {48} Nxe4 {145} 28. Bxf7 {604} Qe7 {412} 29. g4 {387}
d5 {243} 30. g5 {91} Qc5+ {217} 31. Kh1 {79} Nxg5 {26} 32. Rxg5 {215} Bxg5 {39}
33. Qh5+ {226} Bh6 {4} 34. Be5 {55} Qe3 {184} 35. Rf6 {165} Qe1+ {153} 36. Kh2
{74} Qd2+ {47} 37. Kh1 {2} Qe1+ {21} 38. Kg2 {80} Qd2+ {27} 39. Kh3 {87} Qe3+ {
76} 40. Kh2 {24} Qd2+ {20} 41. Kh3 {237} Qe3+ {24} 42. Kh2 {20} Qd2+ {122}
1/2-1/2

[Event "Top 16 Groupe B"]
[Site "Chartres, France"]
[Date "2024.06.03"]
[Round "5.13"]
[White "Pranesh M"]
[Black "Shchekachev, Andrei"]
[Result "1-0"]
[WhiteElo "2535"]
[BlackElo "2492"]
[PlyCount "97"]
[EventDate "2024.??.??"]

1. e4 {4} e5 {13} 2. Nf3 {6} Nc6 {11} 3. Bb5 {4} a6 {19} 4. Ba4 {5} Nf6 {22} 5.
Nc3 {9} d6 {235} 6. Bxc6+ {31} bxc6 {7} 7. d4 {4} Nd7 {494} 8. dxe5 {297} dxe5
{30} 9. h4 {440} Bd6 {374} 10. h5 {230} Qe7 {765} 11. Nh4 {377} g6 {641} 12.
Qf3 {101} Nc5 {778} 13. Be3 Be6 {908} 14. O-O-O {140} O-O-O {427} 15. Qe2 {343}
Kb7 {203} 16. g4 {23} Nd7 {144} 17. Nd5 {535} cxd5 {92} 18. exd5 {4} Nb6 {61}
19. dxe6 {75} Qxe6 {5} 20. Kb1 {102} Be7 {332} 21. Rde1 {322} Rd5 {256} 22.
Bxb6 {626} cxb6 {63} 23. Ng2 {174} Rhd8 {216} 24. Qf3 {252} Qc6 {151} 25. hxg6
{94} hxg6 {15} 26. Ne3 {79} R5d7 {39} 27. Qxc6+ {35} Kxc6 {1} 28. Nc4 {6} f6 {8
} 29. g5 {20} b5 {6} 30. gxf6 {9} Bxf6 {2} 31. Ne3 {6} Bg5 {76} 32. Ng4 {13}
Bf4 {7} 33. Nf6 {63} Rf7 {53} 34. Ne4 {5} Rg8 {51} 35. Rd1 {5} a5 {73} 36. Rd6+
{4} Kb7 {14} 37. Rhd1 {9} Rc7 {28} 38. R1d5 Rc4 {43} 39. Nc5+ {41} Kc7 {27} 40.
Ne6+ {40} Kc8 {18} 41. Rxb5 {10} Rh8 {70} 42. c3 {25} a4 {245} 43. Kc2 {29} Re4
{282} 44. Rc5+ {89} Kb8 {68} 45. Kd3 {113} Re1 {38} 46. Rb6+ {104} Ka7 {13} 47.
Rb4 {29} Rh3+ {194} 48. Kc4 {20} Re4+ {7} 49. Nd4 {37} 1-0

[Event "Top 16 Groupe B"]
[Site "Chartres, France"]
[Date "2024.06.03"]
[Round "5.14"]
[White "Abergel, Thal"]
[Black "Defromont, Benjamin"]
[Result "1-0"]
[WhiteElo "2390"]
[BlackElo "2393"]
[PlyCount "43"]
[EventDate "2024.??.??"]

1. d4 {1} Nf6 {21} 2. Nf3 {6} d5 {42} 3. c4 {127} e6 {6} 4. g3 {28} Be7 {202}
5. Bg2 {9} O-O {7} 6. O-O {32} dxc4 {6} 7. Qc2 {38} b6 {9} 8. Qxc4 {170} Bb7 {
32} 9. Nc3 {36} Nbd7 {38} 10. Rd1 {39} Qc8 {157} 11. Bf4 {211} c5 {195} 12.
Rac1 {158} Nd5 {746} 13. dxc5 {319} Nxc5 {262} 14. b4 {238} Na6 {127} 15. Nxd5
{136} Bxd5 {320} 16. Qb5 {95} Qb7 {1277} 17. e4 {18} Nxb4 {273} 18. exd5 {66}
a6 {2} 19. Qe2 {107} Nxd5 {16} 20. Nd4 {75} Qd7 {128} 21. Bxd5 {41} Qxd5 {21}
22. Nc6 {16} 1-0

[Event "Top 16 Groupe B"]
[Site "Chartres, France"]
[Date "2024.06.03"]
[Round "5.15"]
[White "Ludwig, Remi"]
[Black "Kuhn, Clement"]
[Result "1/2-1/2"]
[WhiteElo "2222"]
[BlackElo "2350"]
[PlyCount "83"]
[EventDate "2024.??.??"]

1. d4 {2} g6 {68} 2. c4 {14} Bg7 {19} 3. e4 {15} d6 {25} 4. Nc3 {18} c5 {12} 5.
Nge2 {92} cxd4 {492} 6. Nxd4 {8} Nc6 {4} 7. Be3 {162} Nf6 {427} 8. Be2 {319}
O-O {6} 9. O-O {236} Nxd4 {326} 10. Bxd4 {11} Qa5 {370} 11. Nd5 {305} Nxd5 {220
} 12. exd5 {40} Bxd4 {191} 13. Qxd4 {8} e5 {881} 14. dxe6 {147} Bxe6 {16} 15.
Rfd1 {477} Rfd8 {459} 16. Bf3 {563} Rd7 {43} 17. Bd5 {1150} Bxd5 {16} 18. Qxd5
{6} Qd8 {483} 19. Rd4 {147} Qf6 {94} 20. Re1 {373} Rc8 {149} 21. g3 {122} b6 {
108} 22. b4 {108} Re7 {117} 23. Rxe7 {226} Qxe7 {1} 24. Re4 {10} Qd7 {5} 25.
Kg2 {105} Re8 {596} 26. Rd4 {281} Qa4 {254} 27. Rf4 {26} Qd7 {50} 28. c5 {49}
bxc5 {47} 29. bxc5 {6} Qe6 {189} 30. Qxd6 {291} Qxa2 {129} 31. c6 {488} Qe6 {
109} 32. Qc5 {16} Rc8 {55} 33. Rc4 {48} Rc7 {20} 34. h4 {6} h5 {4} 35. Kh2 {91}
Kg7 {18} 36. Kg2 {114} Kh7 {44} 37. Kh2 {204} Kg7 {155} 38. Rc3 {20} Qf6 {26}
39. Kg1 {53} Qe6 {53} 40. Kh2 {60} Qf6 {12} 41. Kg2 {173} Qe6 {89} 42. Kh2 {622
} 1/2-1/2

[Event "Top 16 Groupe B"]
[Site "Chartres, France"]
[Date "2024.06.03"]
[Round "5.16"]
[White "Milojevic-Daim, Lola-Shaina"]
[Black "Bensdorp-De Labaca, Marlies"]
[Result "0-1"]
[WhiteElo "1889"]
[BlackElo "2229"]
[PlyCount "92"]
[EventDate "2024.??.??"]

1. d4 {11} d5 {6} 2. Nc3 {10} c6 {9} 3. Bf4 {17} Bf5 {11} 4. e3 {36} Nf6 {35}
5. Nf3 {73} Nbd7 {266} 6. Ne5 {270} Nxe5 {355} 7. Bxe5 {15} e6 {24} 8. Be2 {103
} Bb4 {588} 9. f3 {742} h6 {166} 10. g4 {374} Bg6 {28} 11. h4 {76} Qa5 {579}
12. Qd2 {302} O-O-O {214} 13. a3 {795} Ne8 {27} 14. Bd3 {446} Bxd3 {109} 15.
Qxd3 {40} f6 {133} 16. Bg3 {56} Nd6 {83} 17. Ke2 {342} Bxc3 {5} 18. Bxd6 {93}
Rxd6 {5} 19. Qxc3 {39} Qxc3 {79} 20. bxc3 {2} c5 {42} 21. a4 {492} Rc6 {92} 22.
Kd3 {100} Kc7 {262} 23. f4 {367} Kd6 {479} 24. g5 {214} f5 {1273} 25. Rab1 {168
} b6 {163} 26. g6 {179} Rhc8 {28} 27. Rb2 {174} cxd4 {31} 28. cxd4 {2} Rc3+ {9}
29. Kd2 {12} Ra3 {17} 30. Rb4 {53} Ra2 {126} 31. Rc1 {111} Rc4 {247} 32. Rxc4 {
471} dxc4 {4} 33. Kc3 {11} Rxa4 {10} 34. Rb1 {31} Kc6 {36} 35. h5 {64} Ra3+ {
135} 36. Kd2 {80} b5 {44} 37. Re1 {49} Kd5 {11} 38. Rb1 {31} a6 {5} 39. Rd1 {77
} b4 {28} 40. Rb1 {43} a5 {5} 41. Rd1 {35} Ra2 {112} 42. Rc1 {59} a4 {88} 43.
Kd1 {74} a3 {4} 44. Rb1 {8} Rb2 {18} 45. Ra1 {18} a2 {40} 46. Kc1 {37} c3 {7}
0-1

[Event "Top 16 Groupe B"]
[Site "Chartres, France"]
[Date "2024.06.03"]
[Round "5.17"]
[White "Kulaots, Kaido"]
[Black "Mamedov, Rauf"]
[Result "1/2-1/2"]
[WhiteElo "2520"]
[BlackElo "2651"]
[PlyCount "57"]
[EventDate "2024.??.??"]

1. e4 {12} c5 {6} 2. Nf3 {3} d6 {3} 3. d4 {19} cxd4 {4} 4. Nxd4 {4} Nf6 {3} 5.
Nc3 {4} Nc6 {3} 6. f3 {182} e5 {18} 7. Nb3 {6} Be7 {23} 8. Be3 {20} Be6 {9} 9.
Qe2 {134} O-O {400} 10. O-O-O {22} Qc8 {5} 11. g4 {577} a5 {62} 12. g5 {443}
Nh5 {995} 13. a4 {952} Nb4 {793} 14. Kb1 {43} b5 {1198} 15. Nxb5 {317} d5 {112}
16. exd5 {153} Bxd5 {21} 17. Nc3 {183} Be6 {290} 18. Qf2 {303} Bf5 {304} 19.
Ne4 {234} f6 {712} 20. Qe2 {2069} Kh8 {255} 21. c3 {222} Qc6 {518} 22. cxb4 {15
} Qxa4 {2} 23. Nbc5 {47} Bxc5 {125} 24. bxc5 {15} Bxe4+ {5} 25. fxe4 {2} Qxe4+
{3} 26. Ka1 {82} Qa4+ {4} 27. Kb1 {3} Qe4+ {2} 28. Ka1 {94} Qa4+ {3} 29. Kb1 {4
} 1/2-1/2

[Event "Top 16 Groupe B"]
[Site "Chartres, France"]
[Date "2024.06.03"]
[Round "5.18"]
[White "Shevshenko, Alexey"]
[Black "Brunello, Sabino"]
[Result "1-0"]
[WhiteElo "2214"]
[BlackElo "2507"]
[PlyCount "101"]
[EventDate "2024.??.??"]

1. Nf3 {9} d5 {21} 2. c4 {12} e6 {147} 3. g3 {94} d4 {22} 4. Bg2 {32} Nc6 {17}
5. O-O {95} a5 {7} 6. d3 {533} Bc5 {140} 7. Nbd2 {617} e5 {92} 8. a3 {778} h6 {
148} 9. b4 {264} axb4 {343} 10. Nb3 {20} Be7 {51} 11. axb4 {12} Rxa1 {8} 12.
Nxa1 {1} Nxb4 {29} 13. Nxe5 {97} Nf6 {39} 14. Qa4+ {945} c6 {146} 15. Nb3 {421}
O-O {514} 16. Ba3 {61} Na6 {860} 17. c5 {144} Re8 {20} 18. Nf3 {312} Nd7 {404}
19. Rc1 {108} Bf8 {12} 20. Nfxd4 {116} Ne5 {5} 21. Qa5 {164} Qf6 {10} 22. Qd2 {
131} h5 {5} 23. Nf3 {37} Ng6 {55} 24. h4 {233} Bg4 {18} 25. Na5 {52} Qe7 {48}
26. e3 {114} Qd7 {57} 27. Qc3 {225} Nc7 {15} 28. Bb2 {92} Nd5 {73} 29. Qd4 {170
} Qc7 {10} 30. Nc4 {13} Rd8 {32} 31. Qe4 {216} Bxc5 {775} 32. Nce5 {18} Nf6 {18
} 33. Qc4 {67} Bxf3 {136} 34. Nxf3 {21} Be7 {24} 35. Ng5 {21} Bd6 {63} 36. Bxf6
{86} gxf6 {2} 37. Ne4 {58} Be7 {36} 38. d4 {15} f5 {94} 39. Nc3 {11} f4 {88}
40. exf4 {119} Nxf4 {334} 41. gxf4 {128} Qxf4 {2} 42. Ne2 {132} Qxh4 {6} 43. d5
{261} Qg5 {25} 44. dxc6 {75} bxc6 {2} 45. Qxc6 {117} Rd6 {4} 46. Qc8+ {80} Kh7
{8} 47. Qc4 {382} Rf6 {19} 48. Qe4+ {64} Rg6 {9} 49. Rc7 {55} Bd6 {26} 50.
Rxf7+ {18} Kh6 {1} 51. Qb7 {126} 1-0